Munich Trivia - Statistics

General Stats
  • This quiz has been taken 58 times
  • The average score is 11 of 15
Answer Stats
Hint Answer % Correct
State of which Munich is the capital Bavaria
100%
German name for Munich München
98%
Every year, this festival attracts millions of visitors Oktoberfest
98%
Car maker whose headquarters are also called "four-cylinder" BMW
96%
Year in which Munich hosted the Olympic Games 1972
92%
Where Bayern München - the most successful football club of Germany - plays their home games Allianz Arena
86%
The second biggest football club of Munich TSV 1860 München
82%
Largest public park in Munich Englischer Garten
80%
Main river that flows through Munich Isar
76%
Special type of outdoor gastronomy, originally from Munich Biergarten
69%
Where the festival takes place Theresienwiese
61%
What locals call Munich Minga
51%
Despite being associated with Austria, this empress was actually born in Munich Sissi
49%
Renowned Munich beer maker Löwenbräu
37%
failed Coup d'état that took place here Beer Hall Putsch
33%
No matching quizzes found
Score Distribution
Percent of People with Each Score
Percentile by Number Answered
Your Score History
You have not taken this quiz